1050 1114 1295 1048 1374 1122 1758 1438 1043 1857 1301 1109 1701 1407 1118 1829 1605 1221 1451 1265 1008 1329 1560 1777 1192 1118 1606 1484 1715 1018 1818 1001 1791 1324 1494 1067 1977 1268 1163 1139 1678 1849 1486 1591 1224 1034 1457 1466 1260 1489 1379 1256 1953 1891 1569 1472 1289 1530 1653 1977 1730 1920 1048 1434 1175 1062 1478 1909 1843 1547 1830 1658 1338 1894 1308 1868 1883 1224 1172 1239 1581 1902 1620 1490 1610 1874 1055 1558 1720 1385 1323 1065 1040 1135 1949 1561 1676 1588 1272 BCNSPRNW ULIB Ver.6.0+V

เปลี่ยนเป็นภาษาไทย

Change to English
 แสดงรายละเอียดบรรณานุกรม
  กลับหน้าหลัก

Brief Record : Get Marc (ISO 2709) : E-mail record : QR code < ปิดหน้าต่าง
LEADER : 00000nam 2200000uu 4500
001    13399122592
003     ULIB
008    020711s2545 th a 000 0 tha d
020    9741401248
090    นว.^bม111จ
100    แมรี่ นอร์ตั้น ;^eเขียน
245    จิ๋วชาวทุ่ง /^cแมรี่ นอร์ตั้น ; เขียน,สุทธิ โสภา ; แปล
260    กรุงเทพฯ :^bผีเสื้อ,^c2545
300    286 หน้า
700    สุทธิ โสภา ;^eแปล
945    ^p184^l0^i20038
999    ^aทศพร เกษรทอง
รายการนี้ยังไม่มีแท็ก
คุณยังไม่ได้ล็อกอิน คุณสามารถมีกิจกรรมร่วมกับเว็บไซต์ได้ แต่ต้องล็อกอินก่อน ::
  ล็อกอิน

รายการสื่อสารสนเทศ

ลำดับที่ ประเภท เลขเรียก/บาร์โค้ด สถานที่ สถานะ
1. นวนิยาย
นวนิยาย
นว. ม111จ ฉ.1 
  Barcode: 20038
ห้องสมุดวิทยาเขตสวรรค์ประชารักษ์
►นวนิยาย
บนชั้น
  ขอยืม

BibComment


ยังไม่เคยถูกคอมเมนท์

คอมเมนท์ทรัพยากรรายการนี้
  คอมเมนท์: จิ๋วชาวทุ่ง แมรี..


 Copyright 2026. Bcnsprnw @Library